Nordic Flags - Statistics

General Stats
  • This quiz has been taken 13 times
  • The average score is 9 of 16
Answer Stats
Picture Answer % Correct
Denmark
100%
Finland
100%
Iceland
100%
Sweden
100%
Norway
91%
Åland
82%
Faroe Islands
82%
Orkney
45%
Shetland
45%
Scania
36%
South Uist
27%
Barra
18%
West Riding
18%
Setomaa
9%
Pärnu
0%
Vepsia
0%
No matching quizzes found
Score Distribution
Percent of People with Each Score
Percentile by Number Answered
Your Score History
You have not taken this quiz